000 00415 a2200169 4500
001 69968
020 _a8508040644
040 _cAnchieta - Itaigara
100 _aMachado, Ana Maria
240 1 0 _aNa praia e no luar, tartaruga quer o mar
_lpor
245 1 0 _aNa praia e no luar, tartaruga quer o mar
300 _a32
362 0 _a1992
440 1 _aÁtica
650 4 _aLiteratura infanto-juvenil
942 _cBK
999 _c69968
_d69968